000
00366nam a2200133Ia 4500
008
151001s9999||||xx |||||||||||||| ||und||
100
_a
मुक्ता केणेकर
245
_a
आईची मुलाखत
250
_a
1
260
_b
संजय प्रकाशन पुणे
260
_c
1976
300
_a
82
365
_b
18
999
_c
962366
_d
962363